MARC details
| 000 -LÍDER |
| campo de controle de tamanho fixo |
01596nam a2200325 4500 |
| 001 - NÚMERO DE CONTROLE |
| campo de controle |
371 |
| 003 - IDENTIFICADOR DO NÚMERO DE CONTROLE |
| campo de controle |
OSt |
| 005 - DATA E HORÁRIO DA ÚLTIMA TRANSAÇÃO |
| campo de controle |
20250528074019.0 |
| 008 - CAMPO DE DADOS FIXOS--INFORMAÇÃO GERAL |
| campo de controle de tamanho fixo |
250403b |||||||e |||| 00| 1 eng d |
| 020 ## - ISBN - INTERNATIONAL STANDARD BOOK NUMBER |
| ISBN - International Standard Book Number |
9788501015112 |
| 040 ## - FONTE DA CATALOGAÇÃO |
| Idioma da catalogação |
por |
| 041 ## - CÓDIGO DE IDIOMA |
| Código do idioma do original e/ou traduções intermediárias do texto |
eng |
| Código do idioma do texto/trilha sonora ou título diferente |
por |
| 082 ## - CDD - CLASSIFICAÇÃO DECIMAL DE DEWEY |
| Número de Classificação |
823 |
| Número do exemplar |
F735a |
| 100 1# - ENTRADA PRINCIPAL--NOME PESSOAL |
| Nome pessoal |
Forsyth, Frederick, |
| Datas associadas ao nome |
1938- |
| 9 (RLIN) |
458 |
| 240 ## - TÍTULO UNIFORME |
| Título uniforme |
The Devil´s alternative |
| 245 ## - TÍTULO |
| Título |
A alternativa do Diabo / |
| Indicação de responsabilidade, etc. |
Forsyth, Frederick ; Traduçãoi de A. B. Pinheiro de Lemos |
| 250 ## - EDIÇÃO |
| Declaração de edição |
8° ed. |
| 260 ## - PUBLICAÇÃO, DISTRIBUIÇÃO, ETC. |
| Local de publicação, distribuição, etc. |
Rio de Janeiro |
| Nome do editor, distribuidor, etc. |
Record |
| Data da publicação, distribuição, etc. |
1979 |
| 300 ## - DESCRIÇÃO FÍSICA |
| Extensão |
438 p. |
| 520 ## - NOTA DE RESUMO, ETC. |
| Resumo, etc. |
Qualquer que fosse a sua opção, muitos homens iriam morrer! Essa é ´A Alternativa do Diabo´, uma aterradora decisão que o Presidente dos Estados Unidos e outros estadistas em todo o mundo têm de tomar. E esse é o tema do mais notável e ambicioso romance de Frederick Forsyth.<br/><br/>À medida que a envolvente história deste livro vai adquirindo ímpeto, somos transportados de Moscou para Londres, de Roterdã para Washington, de uma casa de campo na Irlanda para bordo do maior petroleiro do mundo, que ameaça poluir todo o Atlântico Norte. O clímax mais espetacular já criado por este mestre do suspense e as surpresas de último minuto nos capítulos finais são de deixar o leitor de respiração presa.<br/> |
| 650 #0 - ASSUNTO--TERMO TÓPICO |
| Cabeçalho tópico ou nome geográfico |
Literatura Inglesa |
| 9 (RLIN) |
89 |
| 650 #0 - ASSUNTO--TERMO TÓPICO |
| Cabeçalho tópico ou nome geográfico |
Politica |
| 9 (RLIN) |
138 |
| 650 #0 - ASSUNTO--TERMO TÓPICO |
| Cabeçalho tópico ou nome geográfico |
Romance Policial |
| 9 (RLIN) |
11 |
| 650 #0 - ASSUNTO--TERMO TÓPICO |
| Cabeçalho tópico ou nome geográfico |
Crise Global |
| 9 (RLIN) |
769 |
| 650 #0 - ASSUNTO--TERMO TÓPICO |
| Cabeçalho tópico ou nome geográfico |
Suspense |
| 9 (RLIN) |
10 |
| 655 #0 - TERMO DE ÍNDICE--GÊNERO E FORMA |
| Gênero/forma/ou termo foco |
Romance |
| 655 #0 - TERMO DE ÍNDICE--GÊNERO E FORMA |
| Gênero/forma/ou termo foco |
Ficção |
| 700 ## - ENTRADA ADICIONADA - NOME PESSOAL |
| Nome pessoal |
A. B. Pinheiro de Lemos |
| Função do autor por extenso |
Tradutor |
| 9 (RLIN) |
109 |
| 942 ## - ELEMENTOS DE ENTRADA ADICIONADOS (KOHA) |
| Fonte de classificação ou esquema de arquivamento |
Classificação decimal de Dewey |
| Ocultar no OPAC |
Não |
| Tipo de material Koha |
Livros |